| 000 | 00423nam a2200157 i 4500 | ||
|---|---|---|---|
| 001 | 64556 | ||
| 003 | ES-MaACL | ||
| 005 | 20230906165146.0 | ||
| 007 | t| | ||
| 008 | 031229s1979 sp ||||1| spa d | ||
| 100 | 1 |
_aFontán, Antonio. _951585 |
|
| 245 | 1 | 0 |
_aEspaña, esa esperanza / _cAntonio Fontán. |
| 260 |
_aMadrid : _bUnión Editorial, _c[1979] |
||
| 300 |
_a289 p. ; _c19 cm. |
||
| 852 |
_aES-MaACL _jA-9868 _bR.98957 |
||
| 999 |
_c64556 _d64556 |
||